[Event "Joao Pessoa op"]
[Site "Joao Pessoa"]
[Date "2023.03.17"]
[Round "1"]
[White "Ferreira, Alexander da Silva"]
[Black "Quaranta Neto, Francisco"]
[Result "0-1"]
[WhiteElo "1512"]
[BlackElo "1998"]
[PlyCount "46"]
[EventDate "2023.03.17"]
[EventType "swiss"]
[EventRounds "6"]
[EventCountry "BRA"]
[SourceTitle "EXT 2024"]
[Source "ChessBase"]
[SourceDate "2023.10.10"]
[SourceVersion "1"]
[SourceVersionDate "2023.10.10"]
[SourceQuality "1"]

1. e4 e6 2. d4 d5 3. Nc3 Bb4 4. a3 Bxc3+ 5. bxc3 Nf6 6. e5 Ne4 7. Bd2 c5 8. Bb5+ Bd7 9. Bxd7+ Nxd7 10. Ne2 0-0 11. 0-0 Qa5 12. f3 Nxd2 13. Qxd2 cxd4 14. Qxd4 Rac8 15. f4 Rc4 16. Qd2 Nc5 17. Rf3 Ne4 18. Qe1 Qc5+ 19. Kf1 b6 20. Ra2 f6 21. Nd4 Rxd4 22. cxd4 Qc4+ 23. Rd3 Qxa2 0-1

[Event "Joao Pessoa de Assis Memorial 1st"]
[Site "Joao Pessoa"]
[Date "2019.11.17"]
[Round "5"]
[White "Quaranta Neto, Francisco"]
[Black "Brito, Luismar Jorge"]
[Result "1/2-1/2"]
[WhiteElo "1969"]
[BlackElo "2210"]
[PlyCount "36"]
[EventDate "2019.11.15"]
[EventType "swiss"]
[EventRounds "6"]
[EventCountry "BRA"]
[SourceTitle "CBM 193 Extra"]
[Source "ChessBase"]
[SourceDate "2020.01.31"]
[SourceVersion "1"]
[SourceVersionDate "2020.01.31"]
[SourceQuality "1"]

1. e4 c5 2. Nc3 Nc6 3. g3 h5 4. h3 Rb8 5. Bg2 b5 6. d3 g6 7. Nge2 Bg7 8. 0-0 e6 9. f4 Nge7 10. e5 d5 11. exd6 Qxd6 12. Ne4 Qd8 13. c3 b4 14. Nxc5 bxc3 15. bxc3 Bxc3 16. Nxc3 Qd4+ 17. Kh2 Qxc3 18. Be3 0-0 1/2-1/2

[Event "Joao Pessoa de Assis Memorial 1st"]
[Site "Joao Pessoa"]
[Date "2019.11.16"]
[Round "4"]
[White "De Magalhaes, Jonathas Jose"]
[Black "Quaranta Neto, Francisco"]
[Result "0-1"]
[WhiteElo "2106"]
[BlackElo "1969"]
[PlyCount "86"]
[EventDate "2019.11.15"]
[EventType "swiss"]
[EventRounds "6"]
[EventCountry "BRA"]
[SourceTitle "CBM 193 Extra"]
[Source "ChessBase"]
[SourceDate "2020.01.31"]
[SourceVersion "1"]
[SourceVersionDate "2020.01.31"]
[SourceQuality "1"]

1. d4 Nf6 2. c4 g6 3. Nc3 d5 4. Nf3 Bg7 5. g3 c6 6. Qb3 dxc4 7. Qxc4 0-0 8. Bg2 b5 9. Qb3 Be6 10. Qc2 b4 11. Na4 Bd5 12. 0-0 Nbd7 13. b3 Rc8 14. Bb2 Ne4 15. Ne1 f5 16. f3 Nd6 17. Nd3 a5 18. Rad1 Qe8 19. Ne5 Nxe5 20. dxe5 Nb5 21. Nc5 Qf7 22. e4 Be6 23. f4 fxe4 24. Bxe4 Bd5 25. f5 Bxe4 26. Nxe4 gxf5 27. Ng5 Qg6 28. Qc4+ Kh8 29. Ne6 Rg8 30. Rd7 Nc3 31. Nxg7 Rxg7 32. Bxc3 bxc3 33. Qxc3 Qe6 34. Rfd1 Rcg8 35. Rd8 f4 36. Rxg8+ Rxg8 37. Rd3 Rg5 38. Qxa5 Rxe5 39. Qd8+ Kg7 40. Qd4 Kg8 41. Rd1 Rd5 42. Qa1 Qe3+ 43. Kg2 Qe2+ 0-1

[Event "Natal Potiguar op 11th"]
[Site "Natal"]
[Date "2019.06.09"]
[Round "6"]
[White "Batista Inacio, Pedro Lews"]
[Black "Quaranta Neto, Francisco"]
[Result "0-1"]
[WhiteElo "1622"]
[BlackElo "1997"]
[PlyCount "34"]
[EventDate "2019.06.07"]
[EventType "swiss"]
[EventRounds "6"]
[EventCountry "BRA"]
[SourceTitle "EXT 2020"]
[Source "ChessBase"]
[SourceDate "2019.10.17"]
[SourceVersion "1"]
[SourceVersionDate "2019.10.17"]
[SourceQuality "1"]

1. d4 d5 2. Nf3 c6 3. c4 Nf6 4. Nc3 e6 5. c5 b6 6. b4 a5 7. Ba3 axb4 8. Bxb4 Na6 9. a3 bxc5 10. dxc5 Bxc5 11. e3 Nxb4 12. axb4 Rxa1 13. Qxa1 Bxb4 14. Bd3 Qa5 15. Qxa5 Bxa5 16. Kd2 0-0 17. Ne5 d4 0-1

[Event "Natal Potiguar op 11th"]
[Site "Natal"]
[Date "2019.06.08"]
[Round "4"]
[White "Canonico, Rodrigo"]
[Black "Quaranta Neto, Francisco"]
[Result "0-1"]
[WhiteElo "1714"]
[BlackElo "1997"]
[PlyCount "74"]
[EventDate "2019.06.07"]
[EventType "swiss"]
[EventRounds "6"]
[EventCountry "BRA"]
[SourceTitle "EXT 2020"]
[Source "ChessBase"]
[SourceDate "2019.10.17"]
[SourceVersion "1"]
[SourceVersionDate "2019.10.17"]
[SourceQuality "1"]

1. e4 e6 2. d4 d5 3. Nc3 Bb4 4. exd5 exd5 5. Nf3 Ne7 6. Bd3 Bg4 7. 0-0 Nbc6 8. Be3 Qd7 9. a3 Ba5 10. Be2 Bb6 11. Na2 0-0 12. c3 Rfe8 13. Nb4 Ng6 14. Nd3 f6 15. Nc5 Bxc5 16. dxc5 Nce5 17. Nxe5 Nxe5 18. f3 Bf5 19. Bd4 Re7 20. f4 Ng6 21. g4 Be4 22. h3 Rae8 23. Bd3 h5 24. f5 Bxd3 25. Qxd3 Ne5 26. Qg3 hxg4 27. hxg4 Nf7 28. Kg2 Re2+ 29. Rf2 Ng5 30. Qh4 Qe7 31. Rh1 Qe4+ 32. Kg3 Qd3+ 33. Kg2 Qf3+ 34. Kh2 R8e4 35. Rhf1 Rxg4 36. Qh5 Qg3+ 37. Kh1 Rh4+ 0-1

[Event "Natal Potiguar op 11th"]
[Site "Natal"]
[Date "2019.06.08"]
[Round "3"]
[White "Quaranta Neto, Francisco"]
[Black "Caio, Francisco Ferreira"]
[Result "1-0"]
[WhiteElo "1997"]
[BlackElo "1614"]
[PlyCount "53"]
[EventDate "2019.06.07"]
[EventType "swiss"]
[EventRounds "6"]
[EventCountry "BRA"]
[SourceTitle "EXT 2020"]
[Source "ChessBase"]
[SourceDate "2019.10.17"]
[SourceVersion "1"]
[SourceVersionDate "2019.10.17"]
[SourceQuality "1"]

1. e4 c5 2. Nc3 Nc6 3. g3 g6 4. Bg2 Bg7 5. Nge2 e5 6. d3 a6 7. 0-0 Nge7 8. f4 d6 9. Nd5 Bg4 10. h3 Bxe2 11. Qxe2 Nd4 12. Qf2 f5 13. c3 Ndc6 14. Nxe7 Qxe7 15. exf5 0-0 16. fxg6 hxg6 17. Bd5+ Kh7 18. Be4 Qf6 19. Qf3 Rac8 20. Qh5+ Bh6 21. Bd2 Kg7 22. Qxh6+ Kxh6 23. fxe5+ Qg5 24. Bxg5+ Kxg5 25. exd6 Rcd8 26. Rxf8 Rxf8 27. Rf1 1-0

[Event "Natal Potiguar op 11th"]
[Site "Natal"]
[Date "2019.06.07"]
[Round "2"]
[White "Dias, Joao Paulo Morais M"]
[Black "Quaranta Neto, Francisco"]
[Result "1-0"]
[WhiteElo "1680"]
[BlackElo "1997"]
[PlyCount "77"]
[EventDate "2019.06.07"]
[EventType "swiss"]
[EventRounds "6"]
[EventCountry "BRA"]
[SourceTitle "EXT 2020"]
[Source "ChessBase"]
[SourceDate "2019.10.17"]
[SourceVersion "1"]
[SourceVersionDate "2019.10.17"]
[SourceQuality "1"]

1. e4 e5 2. Nf3 Nf6 3. Nc3 Nc6 4. Bc4 Bc5 5. a3 a5 6. d3 d6 7. Bg5 h6 8. Bh4 g5 9. Nxg5 Bxf2+ 10. Bxf2 hxg5 11. 0-0 Be6 12. Be3 Rg8 13. Qf3 Nd4 14. Bxd4 exd4 15. Nd5 Bxd5 16. exd5 Rg6 17. Bb5+ Kf8 18. Rae1 c6 19. dxc6 bxc6 20. Bxc6 Ra7 21. Be4 Rh6 22. Qf5 Nxe4 23. Rxe4 Kg7 24. Qd5 f6 25. Rfe1 Rf7 26. Qxd4 d5 27. Re6 Qc7 28. h3 Qxc2 29. Re7 Rxe7 30. Rxe7+ Kf8 31. Re6 Qc1+ 32. Kh2 Kf7 33. Ra6 Qc7+ 34. Kg1 Qc1+ 35. Kf2 Qd2+ 36. Kg3 Kg7 37. Rd6 g4 38. Rd7+ Kf8 39. Qc5+ 1-0

[Event "Joao Pessoa Fischer Memorial 10th"]
[Site "Joao Pessoa"]
[Date "2019.03.29"]
[Round "2"]
[White "Azevedo, Eduardo Jose E"]
[Black "Quaranta Neto, Francisco"]
[Result "0-1"]
[WhiteElo "1766"]
[BlackElo "1977"]
[PlyCount "42"]
[EventDate "2019.03.29"]
[EventType "swiss"]
[EventRounds "6"]
[EventCountry "BRA"]
[SourceTitle "CBM 190 Extra"]
[Source "ChessBase"]
[SourceDate "2019.07.15"]
[SourceVersion "1"]
[SourceVersionDate "2019.07.15"]
[SourceQuality "1"]

1. d4 d5 2. Nc3 c6 3. f3 Nf6 4. e4 dxe4 5. fxe4 Bg4 6. Be2 Bxe2 7. Ngxe2 e6 8. 0-0 Be7 9. e5 Nd5 10. Ne4 Nd7 11. c3 c5 12. Kh1 0-0 13. Nf4 cxd4 14. cxd4 Nxf4 15. Bxf4 Qb6 16. Qd2 Rad8 17. Rad1 f6 18. Qe2 fxe5 19. dxe5 Qb4 20. Qg4 Rf5 21. Nd6 Nxe5 0-1

[Event "Joao Pessoa Fischer Memorial 9th"]
[Site "Joao Pessoa"]
[Date "2018.03.17"]
[Round "4"]
[White "Quaranta Neto, Francisco"]
[Black "Zallio, Luciano de Souza"]
[Result "0-1"]
[WhiteElo "1973"]
[BlackElo "2221"]
[PlyCount "67"]
[EventDate "2018.03.16"]
[EventType "swiss"]
[EventRounds "6"]
[EventCountry "BRA"]
[SourceTitle "CBM 183 Extra"]
[Source "ChessBase"]
[SourceDate "2018.04.19"]
[SourceVersion "1"]
[SourceVersionDate "2018.04.19"]
[SourceQuality "1"]

1. d4 Nf6 2. c4 e6 3. Nc3 b6 4. Nf3 Bb4 5. Bd2 Bb7 6. e3 0-0 7. Bd3 c5 8. a3 Ba5 9. 0-0 cxd4 10. exd4 Bxc3 11. bxc3 h6 12. Qe2 Qc7 13. Ne5 d6 14. Ng4 Nbd7 15. Nxh6+ gxh6 16. Bxh6 Rfe8 17. Qe3 Kh8 18. Qh3 Nh7 19. Bg5 f5 20. g4 Be4 21. Bxe4 fxe4 22. f4 exf3 23. Rxf3 Rg8 24. Bh6 Ndf6 25. g5 Qxc4 26. Kh1 Ne4 27. Rg1 Qd5 28. Rg2 Nexg5 29. Bxg5 Rxg5 30. c4 Qa5 31. Qxe6 Rxg2 32. Kxg2 Qd2+ 33. Kf1 Qd1+ 34. Kf2 0-1

[Event "Joao Pessoa Fischer Memorial 9th"]
[Site "Joao Pessoa"]
[Date "2018.03.16"]
[Round "2"]
[White "Quaranta Neto, Francisco"]
[Black "Cavalcanti, Francisco de Assis"]
[Result "0-1"]
[WhiteElo "1973"]
[BlackElo "2244"]
[PlyCount "66"]
[EventDate "2018.03.16"]
[EventType "swiss"]
[EventRounds "6"]
[EventCountry "BRA"]
[SourceTitle "CBM 183 Extra"]
[Source "ChessBase"]
[SourceDate "2018.04.19"]
[SourceVersion "1"]
[SourceVersionDate "2018.04.19"]
[SourceQuality "1"]

1. e4 e6 2. g3 d5 3. Nc3 d4 4. Nce2 e5 5. d3 Nf6 6. f4 Nc6 7. Nf3 exf4 8. Nxf4 Bb4+ 9. Bd2 Ng4 10. c3 Ba5 11. Qe2 0-0 12. h3 Nge5 13. Nd5 Nxf3+ 14. Qxf3 f5 15. 0-0-0 fxe4 16. Qxe4 Bf5 17. Qg2 dxc3 18. Nxc3 Be6 19. Kb1 Bxc3 20. Bxc3 Bd5 21. Qg1 Bxh1 22. Qxh1 Qd6 23. d4 Rae8 24. g4 Nb4 25. Bc4+ Kh8 26. a3 Qg6+ 27. Ka1 Nc2+ 28. Ka2 Ne3 29. Bb3 Nxd1 30. Qxd1 Re3 31. Qh1 Rxc3 32. bxc3 Rf2+ 33. Ka1 Qd3 0-1

[Event "Santa Cruz Regional Norte zt"]
[Site "Santa Cruz"]
[Date "2017.05.07"]
[Round "6"]
[White "De Andrade, Dalson Holanda Cav"]
[Black "Quaranta Neto, Francisco"]
[Result "1/2-1/2"]
[WhiteElo "2060"]
[BlackElo "1977"]
[PlyCount "115"]
[EventDate "2017.05.05"]
[EventType "swiss"]
[EventRounds "6"]
[EventCountry "BRA"]
[SourceTitle "EXT 2018"]
[Source "ChessBase"]
[SourceDate "2017.10.13"]
[SourceVersion "1"]
[SourceVersionDate "2017.10.13"]
[SourceQuality "1"]

1. d4 d5 2. Nf3 c6 3. g3 Bf5 4. Bg2 h6 5. 0-0 e6 6. Nbd2 Nf6 7. c4 Nbd7 8. Re1 Ne4 9. Nxe4 Bxe4 10. Qb3 Qb6 11. Qxb6 axb6 12. cxd5 exd5 13. Bf4 Bb4 14. Bd2 Bd6 15. Bc3 g5 16. Nd2 Bxg2 17. Kxg2 f5 18. a3 0-0 19. e3 Nf6 20. Bb4 Bxb4 21. axb4 Ne4 22. Nxe4 fxe4 23. Ra3 Rxa3 24. bxa3 g4 25. Rc1 b5 26. Ra1 Ra8 27. h3 h5 28. hxg4 hxg4 29. Kf1 Kf7 30. Ke2 Ke6 31. Kd2 Kd6 32. Kc2 Rf8 33. Rf1 b6 34. Kb3 c5 35. bxc5+ bxc5 36. dxc5+ Kxc5 37. Rc1+ Kb6 38. Rc2 d4 39. exd4 Rf3+ 40. Kb2 Rd3 41. Re2 Rxd4 42. Kc3 Kc5 43. Kb2 Kd5 44. Kc3 Rd1 45. Rb2 Kc5 46. Rb4 Rd3+ 47. Kc2 Rd4 48. Rb1 Rd3 49. Rb4 Rxa3 50. Rxe4 Ra4 51. Re5+ Kc4 52. Rg5 Ra2+ 53. Kb1 Rxf2 54. Rxg4+ Kb3 55. Rf4 Rg2 56. Rf3+ Ka4 57. Rf4+ b4 58. Rf3 1/2-1/2

[Event "Santa Cruz Regional Norte zt"]
[Site "Santa Cruz"]
[Date "2017.05.05"]
[Round "2"]
[White "Vital, Pablo Manoel Santan"]
[Black "Quaranta Neto, Francisco"]
[Result "0-1"]
[WhiteElo "1589"]
[BlackElo "1977"]
[PlyCount "64"]
[EventDate "2017.05.05"]
[EventType "swiss"]
[EventRounds "6"]
[EventCountry "BRA"]
[SourceTitle "EXT 2018"]
[Source "ChessBase"]
[SourceDate "2017.10.13"]
[SourceVersion "1"]
[SourceVersionDate "2017.10.13"]
[SourceQuality "1"]

1. e4 e5 2. Nf3 Nf6 3. Nxe5 d6 4. Nf3 Nxe4 5. d3 Nf6 6. g3 Qe7+ 7. Qe2 Bg4 8. Qxe7+ Bxe7 9. Bg2 Nc6 10. a3 0-0 11. Be3 Nd5 12. 0-0 Bf6 13. c3 Nxe3 14. fxe3 Rfe8 15. e4 Ne5 16. Ne1 Be2 17. Rf2 Bxd3 18. Nxd3 Nxd3 19. Rd2 Nc5 20. Rf2 Nxe4 21. Bxe4 Rxe4 22. Nd2 Re7 23. Raf1 Rae8 24. Kg2 Re2 25. Kf3 Rxf2+ 26. Rxf2 d5 27. h4 c5 28. Kg4 Re7 29. Nf3 Kf8 30. Kf5 Re6 31. g4 Re4 32. g5 Be7 0-1

[Event "Natal Potiguar-ch"]
[Site "Natal"]
[Date "2017.01.15"]
[Round "8"]
[White "Quaranta Neto, Francisco"]
[Black "Rocha, Vitor Firmo de Souz"]
[Result "1/2-1/2"]
[WhiteElo "1996"]
[BlackElo "2141"]
[PlyCount "153"]
[EventDate "2017.01.10"]
[EventType "tourn"]
[EventRounds "11"]
[EventCountry "BRA"]
[SourceTitle "CBM 176 Extra"]
[Source "ChessBase"]
[SourceDate "2017.03.02"]
[SourceVersion "1"]
[SourceVersionDate "2017.03.02"]
[SourceQuality "1"]

1. e4 c6 2. d4 d5 3. exd5 cxd5 4. Bd3 Nc6 5. c3 Nf6 6. f4 g6 7. Qe2 Bg7 8. Nf3 Bg4 9. h3 Bxf3 10. Qxf3 e6 11. 0-0 Qc7 12. Nd2 h5 13. g3 Ne7 14. Re1 a6 15. Nf1 Nf5 16. Ne3 Ne4 17. Bxe4 dxe4 18. Qxe4 Nxg3 19. Qg2 h4 20. Ng4 0-0 21. Be3 Nf5 22. Ne5 Rab8 23. Bf2 Rfc8 24. Kh2 b5 25. Rac1 Qb7 26. Qg4 Qd5 27. a3 a5 28. Rg1 Qb3 29. Qe2 Rc7 30. Rc2 Rbc8 31. Rgc1 Bf6 32. Nf3 Qd5 33. Be1 Qd6 34. Qe4 Qd5 35. Qxd5 exd5 36. Bf2 b4 37. axb4 axb4 38. Ne5 Kg7 39. Kg2 Be7 40. Kf3 Bd6 41. Bg1 Ng3 42. Bf2 Ne4 43. Be1 bxc3 44. bxc3 f5 45. Ke2 Bxe5 46. dxe5 Rc4 47. Kd3 Nc5+ 48. Ke3 Ne6 49. Bxh4 Re4+ 50. Kd2 Nxf4 51. Bf6+ Kf7 52. Rb1 Rc7 53. h4 Nh5 54. Rb6 Nxf6 55. Rxf6+ Kg7 56. h5 gxh5 57. Rxf5 h4 58. Kd3 Rf7 59. Rg2+ Kf8 60. Rgg5 Rxf5 61. Rxf5+ Kg7 62. e6 Rxe6 63. Rxd5 Kg6 64. Rd8 Kf5 65. Rh8 Kg4 66. c4 h3 67. c5 Kg3 68. Kd4 h2 69. Kd5 Re8 70. Rh7 Rg8 71. c6 Rg4 72. Rxh2 Kxh2 73. c7 Rg8 74. Kd6 Kg3 75. Kd7 Kf4 76. c8Q Rxc8 77. Kxc8 1/2-1/2

[Event "Natal Potiguar-ch"]
[Site "Natal"]
[Date "2017.01.14"]
[Round "6"]
[White "Quaranta Neto, Francisco"]
[Black "Pinto, Carlos Henrique Lop"]
[Result "0-1"]
[WhiteElo "1996"]
[BlackElo "2136"]
[PlyCount "62"]
[EventDate "2017.01.10"]
[EventType "tourn"]
[EventRounds "11"]
[EventCountry "BRA"]
[SourceTitle "CBM 176 Extra"]
[Source "ChessBase"]
[SourceDate "2017.03.02"]
[SourceVersion "1"]
[SourceVersionDate "2017.03.02"]
[SourceQuality "1"]

1. e4 e6 2. d4 d5 3. Nd2 Nf6 4. Bd3 c5 5. exd5 Qxd5 6. Bb5+ Bd7 7. Bxd7+ Nbxd7 8. Ndf3 cxd4 9. Qxd4 Bc5 10. Qxd5 Nxd5 11. c3 0-0 12. Ne2 Rfd8 13. 0-0 N7f6 14. a3 Nb6 15. Bg5 Rd5 16. Nf4 Rf5 17. Nd3 Be7 18. Bh4 h6 19. Nd4 Rd5 20. Nb4 Rd7 21. f3 Nc4 22. Ra2 a5 23. Nbc2 a4 24. Bf2 Rad8 25. Ne3 Nd2 26. Re1 Bc5 27. Nf1 Bxd4 28. Bxd4 Nb3 29. Bxf6 gxf6 30. Re4 Rd1 31. Kf2 Nc1 0-1

[Event "Santa Cruz Potiguar-ch"]
[Site "Santa Cruz"]
[Date "2016.12.18"]
[Round "4"]
[White "Jordao Barbosa, Marcio Ferre"]
[Black "Quaranta Neto, Francisco"]
[Result "1-0"]
[WhiteElo "2055"]
[BlackElo "2007"]
[PlyCount "77"]
[EventDate "2016.12.17"]
[EventType "swiss"]
[EventRounds "5"]
[EventCountry "BRA"]
[SourceTitle "CBM 176 Extra"]
[Source "ChessBase"]
[SourceDate "2017.03.02"]
[SourceVersion "1"]
[SourceVersionDate "2017.03.02"]
[SourceQuality "1"]

1. e4 g6 2. d4 Bg7 3. Nc3 d6 4. Bc4 e6 5. f4 Ne7 6. Nf3 d5 7. Bd3 c5 8. dxc5 Qa5 9. e5 Qxc5 10. Nb5 0-0 11. Qe2 Nf5 12. g4 Nh6 13. Be3 Qe7 14. h3 Nc6 15. Qd2 f5 16. g5 Nf7 17. c3 a6 18. Nbd4 Nfd8 19. h4 Nxd4 20. Nxd4 Nc6 21. h5 Rd8 22. hxg6 hxg6 23. Nb3 Bf8 24. Bc5 Qg7 25. Bb6 Re8 26. 0-0-0 Qd7 27. Rh3 Bg7 28. Rdh1 Kf7 29. Rh7 Rg8 30. R1h6 Qe8 31. Qh2 Ke7 32. Be2 Kf8 33. Rxg7 Rxg7 34. Rh8+ Kf7 35. Rxe8 Kxe8 36. Qh8+ Kf7 37. Bc5 Rg8 38. Qf6+ Ke8 39. Nd4 1-0

[Event "BRA-ch sf Reg2 83rd"]
[Site "Natal"]
[Date "2016.11.14"]
[Round "5"]
[White "Quaranta Neto, Francisco"]
[Black "Da Silva, Arthur Moura Viera"]
[Result "1-0"]
[WhiteElo "1996"]
[BlackElo "2029"]
[PlyCount "75"]
[EventDate "2016.11.12"]
[EventType "swiss"]
[EventRounds "7"]
[EventCountry "BRA"]
[SourceTitle "EXT 2018"]
[Source "ChessBase"]
[SourceDate "2017.10.13"]
[SourceVersion "1"]
[SourceVersionDate "2017.10.13"]
[SourceQuality "1"]

1. e4 c5 2. Ne2 d6 3. Nbc3 Nc6 4. g3 g6 5. Bg2 Bg7 6. 0-0 e5 7. d3 Nge7 8. f4 0-0 9. Nd5 Rb8 10. a4 a6 11. c3 b5 12. axb5 axb5 13. fxe5 Nxd5 14. exd5 Nxe5 15. d4 cxd4 16. Nxd4 Bd7 17. h3 b4 18. Kh2 bxc3 19. bxc3 Qc7 20. Bg5 f6 21. Bd2 f5 22. Ra6 Rb6 23. Qa1 Rfb8 24. Ra7 R6b7 25. Ra8 Nc4 26. Rxb8+ Qxb8 27. Qa2 Bxd4 28. Qxc4 Be5 29. Qd3 Rb3 30. Rc1 Bb5 31. Qe3 Qa8 32. Qb6 Ba4 33. Qg1 Rb2 34. Bh6 Qxd5 35. Rb1 Qb7 36. Rxb2 Qxb2 37. Kh1 Qd2 38. Bxd2 1-0

[Event "BRA-ch sf Reg2 83rd"]
[Site "Natal"]
[Date "2016.11.13"]
[Round "4"]
[White "De Lima, Enzo Magalhaes"]
[Black "Quaranta Neto, Francisco"]
[Result "0-1"]
[WhiteElo "1271"]
[BlackElo "1996"]
[PlyCount "32"]
[EventDate "2016.11.12"]
[EventType "swiss"]
[EventRounds "7"]
[EventCountry "BRA"]
[SourceTitle "EXT 2018"]
[Source "ChessBase"]
[SourceDate "2017.10.13"]
[SourceVersion "1"]
[SourceVersionDate "2017.10.13"]
[SourceQuality "1"]

1. d4 d5 2. c4 c6 3. Nc3 Nf6 4. cxd5 cxd5 5. Bf4 e6 6. e3 Bd6 7. Bxd6 Qxd6 8. Bd3 0-0 9. Nge2 a6 10. 0-0 b5 11. a3 Bb7 12. Rc1 Nc6 13. Rc2 Na5 14. Nc1 e5 15. Bf5 Nd7 16. N1a2 Rfc8 0-1

[Event "BRA-ch sf Reg2 83rd"]
[Site "Natal"]
[Date "2016.11.12"]
[Round "2"]
[White "De Araujo, Antonio Jose"]
[Black "Quaranta Neto, Francisco"]
[Result "0-1"]
[WhiteElo "1620"]
[BlackElo "1996"]
[PlyCount "128"]
[EventDate "2016.11.12"]
[EventType "swiss"]
[EventRounds "7"]
[EventCountry "BRA"]
[SourceTitle "EXT 2018"]
[Source "ChessBase"]
[SourceDate "2017.10.13"]
[SourceVersion "1"]
[SourceVersionDate "2017.10.13"]
[SourceQuality "1"]

1. Nf3 g6 2. g3 Bg7 3. Bg2 e5 4. 0-0 Ne7 5. d4 exd4 6. Nxd4 0-0 7. c3 Nbc6 8. Bg5 h6 9. Nxc6 bxc6 10. Bxe7 Qxe7 11. e4 Rb8 12. Qd2 Bb7 13. Na3 d5 14. Nc2 Ba6 15. Rfb1 Rfd8 16. Nb4 Bb7 17. Re1 c5 18. Nd3 Ba6 19. b3 c6 20. Nb2 Bb5 21. Qc2 Qf6 22. Rac1 a5 23. Nd3 c4 24. Nc5 Bf8 25. b4 Bxc5 26. bxc5 Qe7 27. e5 Qxc5 28. e6 Rb7 29. Qe2 Re8 30. Qe5 f6 31. Qf4 Rbe7 32. Bh3 Ba6 33. Re2 Bc8 34. Rce1 Qb6 35. Qd6 Qc7 36. Qc5 Kh7 37. Qd4 Rf8 38. f4 f5 39. Bg2 Qd6 40. Qb6 a4 41. Re5 Qc7 42. Qxc7 Rxc7 43. e7 Re8 44. Kf2 Kg7 45. h4 Kf6 46. Bf3 Rcxe7 47. Rxe7 Rxe7 48. Rxe7 Kxe7 49. Ke3 a3 50. Kd4 Kd6 51. Bd1 c5+ 52. Ke3 Bd7 53. h5 gxh5 54. Bxh5 Ba4 55. Kd2 d4 56. g4 fxg4 57. Bxg4 Bd7 58. Bh5 Ke6 59. Bg4+ Ke7 60. Be2 Be6 61. Bh5 Kf6 62. Bf3 Kf5 63. cxd4 cxd4 64. Bd1 Kxf4 0-1

[Event "Potiguar-ch sf"]
[Site "Natal"]
[Date "2016.09.18"]
[Round "5.2"]
[White "Jordao Barbosa, Marcio Ferre"]
[Black "Quaranta Neto, Francisco"]
[Result "1-0"]
[WhiteElo "2031"]
[BlackElo "2015"]
[PlyCount "87"]
[EventDate "2016.09.16"]
[EventType "swiss"]
[EventRounds "6"]
[EventCountry "BRA"]
[SourceTitle "EXT 2022"]
[Source "ChessBase"]
[SourceDate "2021.10.06"]
[SourceVersion "1"]
[SourceVersionDate "2021.10.06"]
[SourceQuality "1"]

1. e4 e5 2. Nf3 Nc6 3. Bc4 Bc5 4. d3 d6 5. h3 Na5 6. Bb3 Ne7 7. Be3 Nxb3 8. axb3 Bxe3 9. fxe3 0-0 10. 0-0 f5 11. Nc3 fxe4 12. dxe4 Ng6 13. Qd5+ Kh8 14. Kh2 Qe7 15. b4 c6 16. Qd3 Be6 17. b5 h6 18. bxc6 bxc6 19. Ra6 Rac8 20. Ne2 Rf6 21. Ng3 Qf7 22. b3 Nf8 23. Qxd6 Qb7 24. Qa3 Nd7 25. Rxa7 Qb6 26. Nh4 Rxf1 27. Nxf1 Kh7 28. Ra6 Qc5 29. Qxc5 Nxc5 30. Ra5 Nd7 31. Nf3 c5 32. Ra6 Bf7 33. Rd6 Rc7 34. Ng3 g6 35. Ne2 c4 36. b4 Kg7 37. Nc3 Kf8 38. Nd5 Rb7 39. c3 Ke8 40. Rc6 Kd8 41. Rxc4 Nf6 42. Nxe5 Bxd5 43. exd5 Ke8 44. d6 1-0

[Event "Potiguar-ch sf"]
[Site "Natal"]
[Date "2016.09.17"]
[Round "3.3"]
[White "Da Silva, Joseph W Bruno Rada"]
[Black "Quaranta Neto, Francisco"]
[Result "1-0"]
[WhiteElo "1835"]
[BlackElo "2015"]
[PlyCount "67"]
[EventDate "2016.09.16"]
[EventType "swiss"]
[EventRounds "6"]
[EventCountry "BRA"]
[SourceTitle "EXT 2022"]
[Source "ChessBase"]
[SourceDate "2021.10.06"]
[SourceVersion "1"]
[SourceVersionDate "2021.10.06"]
[SourceQuality "1"]

1. e4 e5 2. Nf3 Nc6 3. Bb5 a6 4. Ba4 Bc5 5. 0-0 b5 6. Bb3 d6 7. h3 Na5 8. c3 Bb6 9. d4 exd4 10. Nxd4 Nxb3 11. Qxb3 Ne7 12. Bg5 Qd7 13. Bxe7 Qxe7 14. Qd5 0-0 15. Qxa8 c5 16. Qc6 Ba7 17. Nf5 Qg5 18. Qxd6 Bxf5 19. exf5 Rd8 20. Qg3 Qxf5 21. Na3 Bb8 22. Qf3 Qe5 23. g3 h5 24. Rfe1 Qg5 25. h4 Qg6 26. Rad1 Rf8 27. Rd5 f5 28. Re7 b4 29. Nc4 f4 30. Rg5 Qb1+ 31. Kg2 g6 32. Qxh5 f3+ 33. Kh2 Bxg3+ 34. Rxg3 1-0

[Event "Natal Potiguar op"]
[Site "Natal"]
[Date "2016.07.03"]
[Round "5"]
[White "Quaranta Neto, Francisco"]
[Black "Souza, Rafael Cabral de"]
[Result "1-0"]
[WhiteElo "1970"]
[BlackElo "2156"]
[PlyCount "108"]
[EventDate "2016.07.01"]
[EventType "swiss"]
[EventRounds "6"]
[EventCountry "BRA"]
[SourceTitle "EXT 2017"]
[Source "ChessBase"]
[SourceDate "2016.10.25"]
[SourceVersion "1"]
[SourceVersionDate "2016.10.25"]
[SourceQuality "1"]

1. e4 e5 2. Nf3 Nc6 3. Bb5 a6 4. Ba4 Nf6 5. 0-0 b5 6. Bb3 Nxe4 7. Re1 d5 8. d4 Be6 9. dxe5 Bc5 10. Be3 0-0 11. c3 Na5 12. Bxc5 Nxc5 13. Bc2 Nc4 14. b3 Nb6 15. Nd4 Qg5 16. g3 Bg4 17. Qd2 Qh5 18. Re3 Ne6 19. f3 Bh3 20. Qf2 Qg5 21. Kh1 c5 22. f4 Qg4 23. Qe1 Bg2+ 24. Kg1 Be4 25. Rxe4 dxe4 26. Qxe4 g6 27. Nc6 Rfe8 28. Nd2 Rac8 29. Qg2 Nxf4 30. gxf4 Qxg2+ 31. Kxg2 Rxc6 32. Ne4 Rd8 33. Kf3 Kg7 34. h4 h5 35. Rg1 c4 36. b4 Kf8 37. Rg2 Ke7 38. f5 Rd5 39. fxg6 Rxg6 40. Ng5 Rxe5 41. Bxg6 fxg6 42. Ne4 Re6 43. Ke3 Nd5+ 44. Kd4 Nf4 45. Rf2 Nd3 46. Rf1 a5 47. a3 axb4 48. axb4 Ra6 49. Nc5 Rd6+ 50. Ke4 Nxc5+ 51. bxc5 Rd3 52. Rg1 Kf6 53. c6 Rd6 54. Rg3 Rxc6 1-0